000 01229nam a2200241 a 4500
001 77614
003 BD-RjUL
005 20211209083012.0
008 201209s2020 bg ||||| |||| 00| 0 ben d
035 _a(BD-RjUL)77840
040 _aBD-RjUL
_beng
_cBD-RjUL
041 _aben
082 _223
_a954.9205092
_bMRT 2020
245 0 0 _aমৃত্যুঞ্জয়ী বঙ্গবন্ধু :
_bজাতীয় শোক দিবস- ২০২০ /
_cপ্রধান সম্পাদক : আনন্দ কুমার সাহা ; সম্পাদক : চৌধুরী মো. জাকারিয়া
250 _aমুজিব শতবর্ষ
260 _aরাজশাহী :
_bরাজশাহী বিশ্ববিদ্যালয়,
_c২০২০
300 _a২৪ পৃ.:
_bচিত্র;
_c২৫ সেমি.
600 _aরহমান, শেখ মুজিবুর
_xজীবনী
_zবাংলাদেশ
_9242431
600 _a Rahman, Shekh mujibur
_xBiography
_zBangladesh
_9242432
700 _aসাহা, আনন্দ কুমার
_9242433
700 _aজাকারিয়া, চৌধুরী মো.
_9242434
942 _2ddc
_cBK
999 _c77614
_d77614